Prezident Slovenskej republiky vymenoval dňa 20.2.1998 s účinnosťou od 20.2.1998 v uvedených odboroch týchto nových profesorov VŠ

Zoznam profesorov

Bibliographic Details
Format: Article
Language:Slovak
Subjects:

MARC

LEADER 00000nab a2200000 a 4500
001 vtls001504473
003 SK-MaSNL
005 20260426084358.0
008 250505|1998 xo | || || ||00 ||slo
035 |a urn:nbn:sk:snk-ab1hpd 
035 |a (urnnbn)urn:nbn:sk:snk:ar-003ugd 
035 |a (uuid)94b49b07-4b90-43ff-a403-609181ef8b31 
040 |a SNKBUCL  |b slo  |c SNKBUCL  |e AACR2 
041 0 |a slo 
044 |a xo  |c SK 
080 |a 378.124.082:378.12  |2 1981 
245 0 0 |a Prezident Slovenskej republiky vymenoval dňa 20.2.1998 s účinnosťou od 20.2.1998 v uvedených odboroch týchto nových profesorov VŠ 
520 |a Zoznam profesorov 
648 7 |a 1998  |2 snkbucl  |9 282348 
650 0 7 |a vysokoškolskí učitelia  |2 snkbucl  |9 66590 
650 0 7 |a profesori  |2 snkbucl  |9 293605 
651 7 |a Slovensko  |2 snkbucl  |9 14231 
655 7 |a zoznamy  |2 snkbucl  |9 29645 
773 0 |t Academia  |g Roč. 9, č. 1 (1998) s. 68-69 
850 |a Slovenská národná knižnica 
852 |a Slovenská národná knižnica 
954 |a odborná, vedecká literatúra pôvodná (slovenská)  |2 lita 
958 |a article 
958 |a OND 
999 |c 2931388  |d 2933318